El Porvenir del cambio en la peseta / por José A. Vandellós
Descripción Física:
124 p. : a dues columnes, [2] làm. ; 17 x 20 cm
MARC
| LEADER | 00000nam a2200000Ia 4500 | ||
|---|---|---|---|
| 001 | 650 | ||
| 003 | BGR | ||
| 005 | 20260324175418.0 | ||
| 008 | 160829s1936 (Imp. Altés) xx 000 0 cat d | ||
| 080 | |a M-3-45 | ||
| 100 | |a Vandelós, Josep A. |9 32488 | ||
| 245 | |a El Porvenir del cambio en la peseta / por José A. Vandellós | ||
| 260 | |a Barcelona : |b [s.n.], |c 1936 (Imp. Altés) | ||
| 300 | |a 124 p. : |b a dues columnes, [2] làm. ; |c 17 x 20 cm | ||
| 590 | |a Abans del títol: Instituto de Investigaciones Económicas. | ||
| 650 | |a Canvi exterior |9 32489 | ||
| 650 | |a Moneda |9 32490 | ||
| 710 | 2 | |a Instituto de Investigaciones Económicas |9 71172 | |
| 901 | |a Arxiu | ||
| 942 | |n 1 |2 udc |c MON | ||
| 952 | |0 0 |1 0 |4 0 |6 M345 |7 1 |9 46003 |a Arxiu |b Arxiu |d 2016-12-01 |l 0 |o M-3-45 |p 650 |r 2016-12-01 00:00:00 |w 2016-12-01 |y ARXIU | ||
| 999 | |c 49504 |d 49504 | ||